Tribunal Administrativo de Cundinamarca (Registro nro. 159981)
[ vista simple ]
| 000 -LEADER | |
|---|---|
| fixed length control field | 00747ny a22002173n 4500 |
| 008 - FIXED-LENGTH DATA ELEMENTS--GENERAL INFORMATION | |
| fixed length control field | 100412c19829999ck ur pss 0 a0spa d |
| 035 ## - | |
| -- | 2024 |
| 040 ## - CATALOGING SOURCE | |
| Original cataloging agency | BUS |
| Modifying agency | vLex |
| 090 ## - | |
| -- | 1515 |
| -- | 1515 |
| 245 30 - TITLE STATEMENT | |
| Title | Tribunal Administrativo de Cundinamarca |
| Medium | [Recurso electrónico] |
| 256 ## - | |
| -- | Servicio en línea |
| 260 ## - PUBLICATION, DISTRIBUTION, ETC. (IMPRINT) | |
| Place of publication, distribution, etc | [Colombia : |
| Name of publisher, distributor, etc | s.n.] |
| 650 04 - SUBJECT ADDED ENTRY--TOPICAL TERM | |
| Topical term or geographic name as entry element | Sentencias |
| Geographic subdivision | Colombia |
| General subdivision | Publicaciones periódicas |
| 650 04 - SUBJECT ADDED ENTRY--TOPICAL TERM | |
| Topical term or geographic name as entry element | Tribunales administrativos |
| Geographic subdivision | Colombia |
| General subdivision | Publicaciones periódicas |
| 740 0# - | |
| -- | vLex Revista (Servicios en línea) |
| 843 ## - | |
| -- | Electrónica. Abierta |
| 853 ## - | |
| -- | 1 |
| -- | (year) |
| -- | (month) |
| -- | (day) |
| 856 40 - LOCALIZACIÓN Y ACCESO ELECTRÓNICO | |
| Identificador Uniforme del Recurso (URI/URL) | https://app.vlex.com/#/sources/tribunal-administrativo-cundinamarca-2024 |
| 942 ## - | |
| -- | RAA |
| 999 ## - | |
| -- | 159981 |
| -- | 159981 |
No hay ítems disponibles.